The presence of the soul and its station after its departure (Record no. 614703)
[ view plain ]
| 000 -LEADER | |
|---|---|
| fixed length control field | 00358nam a22000977a 4500 |
| 100 ## - MAIN ENTRY--PERSONAL NAME | |
| Personal name | Imam Abu Hamid M. Ahmed Rida Al - Qadri Barkati |
| 245 ## - TITLE STATEMENT | |
| Title | The presence of the soul and its station after its departure |
| Statement of responsibility, etc. | Imam Abu Hamid M. Ahmed Rida Al - Qadri Barkati |
| 260 ## - PUBLICATION, DISTRIBUTION, ETC. | |
| Place of publication, distribution, etc. | South Africa: |
| Name of publisher, distributor, etc. | Ahmad Raza Academy; |
| Date of publication, distribution, etc. | 2016. |
| 300 ## - PHYSICAL DESCRIPTION | |
| Extent | 24p. |
| 942 ## - ADDED ENTRY ELEMENTS (KOHA) | |
| Source of classification or shelving scheme | |
| Koha item type | Book |
| Withdrawn status | Lost status | Source of classification or shelving scheme | Damaged status | Not for loan | Permanent Location | Current Location | Date acquired | Total Checkouts | Barcode | Date last seen | Price effective from | Koha item type |
|---|---|---|---|---|---|---|---|---|---|---|---|---|
| Central Library (CL) | Central Library (CL) | 09/20/2025 | CL-D-973 | 09/20/2025 | 09/20/2025 | Book |
